<?xml version="1.0" encoding="UTF-8"?>
<record
    xmlns:xsi="http://www.w3.org/2001/XMLSchema-instance"
    xsi:schemaLocation="http://www.loc.gov/MARC21/slim http://www.loc.gov/standards/marcxml/schema/MARC21slim.xsd"
    xmlns="http://www.loc.gov/MARC21/slim">

  <leader>02415nab a2200229uuc4500</leader>
  <controlfield tag="001">1512278</controlfield>
  <controlfield tag="005">20241120090654.0</controlfield>
  <controlfield tag="008">181121e20171205                    spa  </controlfield>
  <datafield tag="035" ind1=" " ind2=" ">
    <subfield code="a">1512278</subfield>
  </datafield>
  <datafield tag="040" ind1=" " ind2=" ">
    <subfield code="c">comduadb</subfield>
  </datafield>
  <datafield tag="041" ind1=" " ind2=" ">
    <subfield code="a">spa</subfield>
  </datafield>
  <datafield tag="100" ind1="1" ind2="0">
    <subfield code="a">Cornejo Valderrama, Carolina</subfield>
    <subfield code="4">aut</subfield>
    <subfield code="e">aut</subfield>
    <subfield code="9">563208</subfield>
  </datafield>
  <datafield tag="245" ind1="1" ind2="0">
    <subfield code="a">Respuesta educativa en la atenci&#xF3;n a la diversidad desde la perspectiva de profesionales de apoyo</subfield>
  </datafield>
  <datafield tag="520" ind1="3" ind2=" ">
    <subfield code="a">El prop&#xF3;sito de este art&#xED;culo es analizar las respuestas educativas en la atenci&#xF3;n a la diversidad que plantean 92 profesionales especialistas de apoyo que se desempe&#xF1;an en 30 establecimientos educativos p&#xFA;blicos de Chile que forman parte del Programa de Integraci&#xF3;n Escolar. Los participantes son profesores de educaci&#xF3;n especial, psicopedagogos, psic&#xF3;logos, fonoaudi&#xF3;logos, kinesi&#xF3;logos, un orientador educacional y un trabajador social que atienden a ni&#xF1;os, ni&#xF1;as y j&#xF3;venes que presentan necesidades educativas especiales, en la regi&#xF3;n del Maule. La investigaci&#xF3;n es cuantitativa de dise&#xF1;o descriptivo, no experimental y transeccional, utilizando la t&#xE9;cnica de la encuesta y el an&#xE1;lisis de los datos a trav&#xE9;s de estad&#xED;grafos descriptivos y frecuencias. Los resultados muestran que los profesionales de apoyo perciben la variable contexto de manera positiva, y reconocen una desvinculaci&#xF3;n de las unidades educativas con instituciones externas como centros de apoyo en la atenci&#xF3;n a la diversidad. Adem&#xE1;s, los hallazgos revelan la diferencia de paradigmas en la comprensi&#xF3;n de los diagn&#xF3;sticos de los educandos, movi&#xE9;ndose entre enfoques cl&#xED;nicos y educativos. Sin embargo, coinciden en se&#xF1;alar la diversidad como algo positivo y enriquecedor, cuando la escuela asume las diferencias individuales como propias, y flexibiliza y adapta el curr&#xED;culo escolar. Es importante destacar que al tensionar los hallazgos encontrados no se relacionan directamente con la mejora de los aprendizajes y la disminuci&#xF3;n de estudiantes que participan en los programas de integraci&#xF3;n escolar.</subfield>
  </datafield>
  <datafield tag="650" ind1=" " ind2=" ">
    <subfield code="a">Necesidades educativas especiales</subfield>
    <subfield code="9">89280</subfield>
  </datafield>
  <datafield tag="650" ind1=" " ind2="7">
    <subfield code="a">Integraci&#xF3;n escolar</subfield>
    <subfield code="2">embne</subfield>
    <subfield code="9">1760</subfield>
  </datafield>
  <datafield tag="650" ind1=" " ind2=" ">
    <subfield code="a">Diversidad</subfield>
    <subfield code="9">57929</subfield>
  </datafield>
  <datafield tag="650" ind1=" " ind2=" ">
    <subfield code="a">Profesional de la educacion</subfield>
    <subfield code="9">36430</subfield>
  </datafield>
  <datafield tag="650" ind1=" " ind2=" ">
    <subfield code="a">Procesos de aprendizaje</subfield>
    <subfield code="9">9736</subfield>
  </datafield>
  <datafield tag="773" ind1="0" ind2=" ">
    <subfield code="t">Revista Colombiana de Educaci&#xF3;n (Bogot&#xE1;)</subfield>
    <subfield code="g">N&#xFA;mero 73, Julio-Diciembre 2017, 77-96</subfield>
    <subfield code="w">121857</subfield>
    <subfield code="x">0120-3916</subfield>
    <subfield code="0">68221</subfield>
  </datafield>
  <datafield tag="942" ind1=" " ind2=" ">
    <subfield code="c">ARIMP</subfield>
  </datafield>
  <datafield tag="999" ind1=" " ind2=" ">
    <subfield code="c">791699</subfield>
    <subfield code="d">791699</subfield>
  </datafield>
</record>
